00314pam a2200121 a 4500020000500000041000500005082001000010100005500020245004300075250001400118260005200132300000800184 c h a658.3 aSCHULTZ (Duane P.)/ SCHULTZ (Sydney Ellen)eauthor aPersonality TheorieshTextual Document a1st Rep.  bCengage Learning India Pvt. Ltd New Delhic2009 a329